Statistics for Madonna's 40 Biggest Billboard Hits

Click here to take the quiz!

General Stats

  • This quiz has been taken 657 times
  • The average score is 21 of 40

Answer Stats

Hot100 Peak Position/YearThe Song% Correct
(1) 1/1984Like A Virgin
97%
(2) 1/1990Vogue
92%
(6) 1/1989Like A Prayer
90%
(37) 16/1984Holiday
77%
(7) 1/1986Papa Don't Preach
76%
(12) 2/1985Material Girl
74%
(9) 1/2000Music
74%
(18) 4/1987La Isla Bonita
73%
(25) 2/1998Frozen
67%
(32) 5/1998Ray Of Light
65%
(16) 3/1986True Blue
64%
(34) 7/2005Hung Up
62%
(27) 10/1984Borderline
60%
(15) 2/1989Express Yourself
60%
(24) 4/1984Lucky Star
58%
(5) 1/1991Justify My Love
57%
(31) 3/1992Erotica
55%
(20) 3/20084 Minutes
54%
(17) 2/1989Cherish
54%
(8) 1/1986Live To Tell
53%
(4) 1/1995Take A Bow
53%
(10) 1/1987Open Your Heart
52%
(3) 1/1985Crazy For You
50%
(22) 1/1992This Used To Be My Playground
49%
(11) 1/1987Who's That Girl
48%
(38) 8/1997Don't Cry For Me Argentina
41%
(26) 4/2001Don't Tell Me
40%
(23) 5/1985Dress You Up
38%
(40) 14/1993Rain
38%
(19) 3/1994Secret
38%
(21) 5/1985Angel
32%
(14) 2/1987Causing A Commotion
31%
(36) 10/1990Hanky Panky
31%
(33) 8/2002Die Another Day
30%
(30) 1/1993Deeper And Deeper
29%
(35) 9/1991Rescue Me
28%
(39) 20/1990Oh Father
24%
(13) 2/1994I'll Remember
23%
(28) 6/1995You'll See
23%
(29) 8/1990Keep It Together
19%

Score Distribution

Percentile by Number Answered

Percent of People with Each Score

Your Score History

You have not taken this quiz